| 000 | 00367 a2200097 4500 | ||
|---|---|---|---|
| 082 | _a363.125 COU | ||
| 100 | _aCouncil, Forrest M. | ||
| 245 |
_aModel Minimum Inventory of Roadway Elements-------- MMIRE / _cForrest M. Council...[et al] |
||
| 260 |
_aMclean : _bU. S. Department of Transportation Federal Highway Administration, _c2007 |
||
| 300 |
_av, 75p. : _bill. ; _c30 cm |
||
| 650 | _aRoadway Safety | ||
| 999 |
_c2183 _d2183 |
||